Asamiya gadya chayanika (Record no. 11352)

MARC details
000 -LEADER
fixed length control field 00455nam a22001817a 4500
005 - DATE AND TIME OF LATEST TRANSACTION
control field 20220704114417.0
008 - FIXED-LENGTH DATA ELEMENTS--GENERAL INFORMATION
fixed length control field 220704b ||||| |||| 00| 0 eng d
040 ## - CATALOGING SOURCE
Original cataloging agency IN-DiNC
Transcribing agency IN-DiNC
041 ## - LANGUAGE CODE
Language code of sung or spoken text Assamese
082 ## - DEWEY DECIMAL CLASSIFICATION NUMBER
Classification number 891.4514
100 ## - MAIN ENTRY--PERSONAL NAME
Personal name Konwar Arpana
Relator term Editor
245 ## - TITLE STATEMENT
Title Asamiya gadya chayanika
Statement of responsibility, etc. ed by Arpana Konwar
250 ## - EDITION STATEMENT
Edition statement 3rd ed.
260 ## - PUBLICATION, DISTRIBUTION, ETC.
Place of publication, distribution, etc. Dibrugarh
300 ## - PHYSICAL DESCRIPTION
Extent 245p.
700 ## - ADDED ENTRY--PERSONAL NAME
Personal name Jayanta Kumar Baruah
Relator term Editor
942 ## - ADDED ENTRY ELEMENTS (KOHA)
Source of classification or shelving scheme Dewey Decimal Classification
Koha item type Books

No items available.


Naharkatiya College © 2020. All rights reserved.

Powered By